| 000 | 00774nam a2200193 i 4500 | ||
|---|---|---|---|
| 001 | 157926 | ||
| 003 | ES-MaACL | ||
| 005 | 20230906210916.0 | ||
| 008 | 020911s1850 sp af |||| | spa d | ||
| 080 | _a355.691.3(460)"18" | ||
| 080 | _a355.424.2(460)"18" | ||
| 100 | 1 |
_aLombera, Juan Manuel. _9129043 |
|
| 245 | 1 | 0 |
_aModelo de un bote de goma elástica adquirido en New-York (Estados Unidos) / _cpor el Teniente Coronel... Don Juan Manuel Lombera. |
| 260 |
_aMadrid : _b[s.n.], _c1850 ( _fImp. Nacional) |
||
| 300 |
_a10 p., [1] h. pleg. de lám. ; _c23 cm. |
||
| 650 | 4 |
_aTransportes militares- _zEspaña. _9143281 |
|
| 650 | 4 |
_aPuentes militares- _zEspaña. _9157613 |
|
| 852 | 4 |
_aES-MaACL _jT-100-F-4 _z- Enc. hol., falto de cub. original _z- Enc. en un vol. facticio |
|
| 999 |
_c157926 _d157926 |
||